000 00640nam a22002057a 4500
999 _c856
_d856
001 3201
003 BD-DhUAP
005 20200128145238.0
008 200128s1981 bg ||||| |||| 00| 0 eng d
040 _aBD-DhUAP
_bEng
_cBD-DhUAP
_dBD-DhUAP
082 _223
_a954.14 STU
245 _aStudies in modern Bengal /
_cEdited by S. A. Akanda.
260 _aRajshahi :
_bInstitute of Bangladesh Studies, University of Rajshahi,
_c1981.
300 _a[6], 291 pages ;
_c23 cm.
504 _aIncludes bibliographical references.
650 _aBengal (India)
_vHistory.
651 _aIndia
_v Bengal.
700 _aAkanda, S. A.
942 _2ddc
_cBK